| 000 | 00596 a2200205 4500 | ||
|---|---|---|---|
| 001 | 29062 | ||
| 005 | 20260407155559.0 | ||
| 008 | 260407a1958 arg spa d | ||
| 003 | AR-UNSa-BCEJYS | ||
| 040 |
_aAR-UNSa-BCEJYS _bspa _cAR-UNSa-BCEJYS |
||
| 080 |
_a(031)657 _xEnciclopedÃa de Contabilidad |
||
| 245 | 1 | 0 | _aEnciclopedia de contabilidad y administración |
| 250 | _a4a. ed. | ||
| 264 | 1 |
_aBuenos Aires : _bEdiciones Contabilidad Moderna _c1958 |
|
| 300 |
_a3 v. _c23 cm. |
||
| 041 | _aspa | ||
| 942 | _cBK | ||
| 590 | _aniveau_biblio:m niveau_hierar:0 | ||
| 100 | 1 | _aRaimondi, Carlos A. | |
| 999 |
_c1791 _d1791 |
||